animaux en polonais - Statistiques

Statistiques générales
  • Ce quiz a été pris 11 fois
  • Le résultat moyen est 5 sur 8
Statistiques - réponses
Hint Réponse % Correct
chat kot
100%
chien pies
100%
poisson ryba
90%
cheval koń
80%
souris mysz
60%
lapin królik
40%
Ecureuil wiewiórka
10%
tortue żółw
10%
Aucun quiz correspondant
Distribution des résultats
% des personnes avec chaque résultat
Percentile par nombre de réponses
Votre historique - résultats
Vous n’avez pas pris ce quiz